[Event "Sort op 3rd"]
[Site "Sort"]
[Date "2007.06.25"]
[Round "1"]
[White "Savchenko, Stanislav"]
[Black "Iswarya, Shobhana L"]
[Result "1-0"]
[WhiteElo "2571"]
[BlackElo "2072"]
[PlyCount "67"]
[EventDate "2007.06.25"]
[EventType "swiss"]
[EventRounds "10"]
[EventCountry "ESP"]
[SourceTitle "EXT 2010"]
[Source "ChessBase"]
[SourceDate "2010.11.25"]
[SourceVersion "1"]
[SourceVersionDate "2010.11.25"]
[SourceQuality "1"]

1. Nf3 Nf6 2. c4 d6 3. d4 g6 4. Nc3 Bg7 5. e4 0-0 6. Be2 e5 7. 0-0 Nc6 8. d5 Ne7 9. b4 Nd7 10. Nd2 a5 11. bxa5 Rxa5 12. a4 f5 13. Ba3 b6 14. Bb4 Ra8 15. a5 bxa5 16. Bxa5 Ba6 17. Bb4 Nf6 18. c5 Bxe2 19. Qxe2 Rxa1 20. Rxa1 fxe4 21. Ndxe4 Nxe4 22. Nxe4 Nxd5 23. Qc4 dxc5 24. Nxc5 Rf4 25. Ne4 Kh8 26. Rd1 c6 27. g3 Rf7 28. Qxc6 Rd7 29. Ba5 Qxa5 30. Qxd7 Nf6 31. Nxf6 Bxf6 32. Rc1 Bd8 33. Rc8 Qe1+ 34. Kg2 1-0

[Event "IND-ch (Women) 32nd"]
[Site "Visakhapatnam"]
[Date "2006.04.17"]
[Round "19"]
[White "Iswarya, Shobhana L"]
[Black "Swati, Mohota"]
[Result "0-1"]
[WhiteElo "2150"]
[BlackElo "2160"]
[PlyCount "119"]
[EventDate "2006.04.03"]
[EventType "tourn"]
[EventRounds "19"]
[EventCountry "IND"]
[SourceTitle "CBM 111 Extra"]
[Source "ChessBase"]
[SourceDate "2006.05.09"]
[SourceVersion "1"]
[SourceVersionDate "2006.05.09"]
[SourceQuality "1"]

1. e4 d5 2. exd5 Qxd5 3. Nc3 Qa5 4. d4 Nf6 5. Bc4 c6 6. Nf3 Bf5 7. Bd2 e6 8. Bb3 Nbd7 9. Qe2 Bb4 10. a3 0-0 11. 0-0 Bxc3 12. Bxc3 Qc7 13. Rfd1 Rfd8 14. Be1 c5 15. c3 Rac8 16. Ba2 c4 17. Bb1 Bxb1 18. Raxb1 b5 19. Bd2 Nd5 20. Rf1 N7b6 21. Ne5 f6 22. Ng4 Re8 23. f4 Qf7 24. Qf3 a5 25. Qg3 Qg6 26. Rbe1 f5 27. Nf2 Qxg3 28. hxg3 Na4 29. Bc1 b4 30. axb4 axb4 31. cxb4 Nxb4 32. Re2 Nd3 33. Nxd3 cxd3 34. Rd2 Rb8 35. Rxd3 Nxb2 36. Rc3 Kf7 37. Re1 Na4 38. Rc7+ Kf6 39. Ba3 Rbd8 40. Rb1 Rxd4 41. Rbb7 Rg8 42. Rf7+ Kg6 43. Bf8 Nc3 44. Bxg7 Rd1+ 45. Kh2 Ne4 46. Be5 h6 47. Rfd7 Rf1 48. Bd4 Kh5 49. Rb3 Rc8 50. Rg7 Rd8 51. g4+ fxg4 52. Rb5+ Rd5 53. Rxd5+ exd5 54. g3 Rd1 55. Be3 Re1 56. Bd4 Re2+ 57. Kg1 Rd2 58. Be3 Rd3 59. Bb6 Rxg3+ 60. Kh2 0-1

[Event "IND-ch (Women) 32nd"]
[Site "Visakhapatnam"]
[Date "2006.04.16"]
[Round "18"]
[White "Ramya, Krishna Inapuri"]
[Black "Iswarya, Shobhana L"]
[Result "1-0"]
[WhiteElo "2161"]
[BlackElo "2150"]
[PlyCount "79"]
[EventDate "2006.04.03"]
[EventType "tourn"]
[EventRounds "19"]
[EventCountry "IND"]
[SourceTitle "CBM 111 Extra"]
[Source "ChessBase"]
[SourceDate "2006.05.09"]
[SourceVersion "1"]
[SourceVersionDate "2006.05.09"]
[SourceQuality "1"]

1. d4 Nf6 2. c4 g6 3. Nc3 Bg7 4. e4 d6 5. f4 0-0 6. Nf3 c5 7. d5 e6 8. Be2 exd5 9. cxd5 Re8 10. Nd2 Nbd7 11. 0-0 Nf8 12. Bf3 a6 13. a4 b6 14. Nc4 Rb8 15. e5 dxe5 16. fxe5 N6d7 17. Nd6 Rxe5 18. Bf4 Re7 19. Nxc8 Rxc8 20. d6 Re8 21. Bb7 Rb8 22. Bxa6 Bd4+ 23. Kh1 Ne6 24. Bg3 Ng7 25. Nd5 Nf5 26. Rxf5 gxf5 27. Ne7+ Kh8 28. Bh4 Rxe7 29. Bxe7 Qg8 30. Bb5 Nf8 31. d7 Ne6 32. Ra3 Qg7 33. Bc4 Nd8 34. Qe2 Nc6 35. Rg3 Qh6 36. Bg5 Qf8 37. Bb5 Nd8 38. Qe8 Ne6 39. Be7 f4 40. Bxf8 1-0

[Event "IND-ch (Women) 32nd"]
[Site "Visakhapatnam"]
[Date "2006.04.07"]
[Round "6"]
[White "Iswarya, Shobhana L"]
[Black "Supriya, Maji"]
[Result "1-0"]
[WhiteElo "2150"]
[BlackElo "2085"]
[PlyCount "63"]
[EventDate "2006.04.03"]
[EventType "tourn"]
[EventRounds "19"]
[EventCountry "IND"]
[SourceTitle "CBM 111 Extra"]
[Source "ChessBase"]
[SourceDate "2006.05.09"]
[SourceVersion "1"]
[SourceVersionDate "2006.05.09"]
[SourceQuality "1"]

1. e4 d5 2. exd5 Qxd5 3. Nc3 Qa5 4. d4 c6 5. Bc4 Nf6 6. Bd2 Bf5 7. Nf3 e6 8. Bb3 Nbd7 9. Qe2 Qc7 10. Ne5 Nxe5 11. dxe5 Nd7 12. f4 0-0-0 13. 0-0-0 Bb4 14. g4 Bg6 15. Rdf1 h6 16. f5 Bh7 17. fxe6 fxe6 18. Bxe6 Rhe8 19. Qc4 Qxe5 20. Re1 Qc5 21. Qf4 Rxe6 22. Rxe6 Bxc3 23. Bxc3 Qd5 24. Rhe1 g5 25. Qd4 Qxa2 26. Re8 Qf7 27. Rxd8+ Kxd8 28. Qxa7 b6 29. Rd1 Qf4+ 30. Kb1 Qxg4 31. Qxb6+ Ke8 32. Re1+ 1-0